LEADER 01433nam a2200301 i 4500 001 000000035443 003 CaOOAMICUS 005 20240424115054.0 008 041115s1988 it u000 u ita u 013 $a3703 020 $a88-7075-185-6 040 $aSeMil$bita 245 13$aLe edizioni bresciane del Seicento :$bcatalogo cronologico delle opere stampate a Brescia e a Salò /$ca cura di Ugo Spini ; introduzione e indici di Ennio Sandal. 260 $aMilano :$bEditrice Bibliografica,$ccopyr. 1988. 300 $aXXII, 231 p. ;$c24 cm. 490 0 $aFonti e strumenti ;$v11 650 4$aBrescia - Tipografia - Sec. 17. - Cataloghi.$0(OLS)http://semarc/subject/6448 650 4$aSalò - Tipografia - Sec. 17. - Cataloghi.$0(OLS)http://semarc/subject/6449 700 1 $aSandal, Ennio,$d<1938- >.$0(OLS)http://semarc/name/16514 700 1 $aSpini, Ugo.$0(OLS)http://semarc/name/16513 830 0$aFonti e strumenti ;$v11.$0(OLS)http://semarc/title/326 850 $aSeMil 852 $aSeMil$W1$xVenegono$y1$m3Y II 8$j259048$B1598$CSeMilBibl$Z2$F1598 $81 961 $aOmaggio: Autore 996 $6020$a88-7075-185-6$9(OLS)http://semarc/number/3668 996 $6245$aLe edizioni bresciane del Seicento :$bcatalogo cronologico delle opere stampate a Brescia e a Salò$9(OLS)http://semarc/title/48518 996 $6260$aMilano :$bEditrice Bibliografica$9(OLS)http://semarc/publisher/29739 LEADER 00981nam a2200169 i 4500 001 000000215113 003 CaOOAMICUS 005 20120813000000.0 008 120813s1858 it u000 u lat u 013 $a193985 040 $aSeMil$bita 245 10$aOpuscula theologica sex, materiam de auxiliis gratiae absolventia, quaestionesque de scientia, libertate et justitia Dei elucidantia. 300 $aXI, 718 p. 773 0 $aSuarez, Francisco, $tFrancisci Suarez e Societate Jesu Opera omnia.$bEditio nova a D. M. André, ... [poi] a Carolo Berton iuxta editionem venetianam 23 tomos in F. continentem, accurate recognita.$dParisiis : apud Ludovicum Vivès, 1856-1878.$g10$w()27223 850 $aSeMil 852 $aSeMil$W1$xVenegono$y1$m1ZF IV 26 FA$j165534$B165534$CSeMilBibl$Z2$F176512 $8I 996 $6245$aOpuscula theologica sex, materiam de auxiliis gratiae absolventia, quaestionesque de scientia, libertate et justitia Dei elucidantia$9(OLS)http://semarc/title/309822